000 00451nam a2200181Ia 4500
008 100917s9999 xx 000 0 und d
082 _b44381
100 _aभावे पु. भा.
245 _aवायबार
260 _bसंजय प्रकाशन
_c1980
300 _a129
365 _b15
520 _aकथा
630 _aवायबार
650 _aकथा
730 _aवायबार
942 _cBOOK
999 _c649775
_d649772